Visualizzazione normale
Vista MARC
- Del Parana Luis A.
di Personal Name
Records bibliografici associati: 1
001 - CONTROL NUMBER
- control field: 17038
003 - CONTROL NUMBER IDENTIFIER
- control field: IT-RoPau
005 - DATE AND TIME OF LATEST TRANSACTION
- control field: 20140322214735.0
008 - FIXED-LENGTH DATA ELEMENTS
- fixed length control field: 140322|| aca||aabn | a|a d
040 ## - CATALOGING SOURCE
- Original cataloging agency: IT-RoPau
- Transcribing agency: IT-RoPau
100 ## - HEADING--PERSONAL NAME
- Personal name: Del Parana Luis A.
- Miscellaneous information: Codice autore musica SPICS: 28164
- Relator term: Autore musica
- Name of part/section of a work: Buscandote
670 ## - SOURCE DATA FOUND
- Source citation: Work cat.: (IT-RoPau)99096: AA.VV. 794, Pato Garcia y su salsa